000
00326nam a22001457a 4500
008
210518b ||||| |||| 00| 0 eng d
020
_a
9780534583026
041
_a
eng
080
_2
10th
_a
615.83
082
_a
615.83
100
_a
8
101
_a
RGZ
245
_a
An Invitation to Health
_c
Dianne Hales
942
_2
udc
_c
BK
999
_c
57433
_d
57433